Une peinture = un peintre - Statistiques

Statistiques générales
  • Ce quiz a été pris 5 304 fois
  • Le résultat moyen est 8 sur 12
Statistiques - réponses
Par images Réponse % Correct
Van Gogh
98%
Picasso
93%
Dali
91%
Monet
81%
Frida Kahlo
78%
Eugène Delacroix
75%
Klimt
74%
Hokusai
49%
Théodore Géricault
41%
De Vinci
33%
Kandinsky
33%
Rembrandt
21%
Aucun quiz correspondant
Distribution des résultats
% des personnes avec chaque résultat
Percentile par nombre de réponses
Votre historique - résultats
Vous n’avez pas pris ce quiz